| 000 | 00806cab a2200253 4500 | ||
|---|---|---|---|
| 001 | WB3243-27 | ||
| 008 | 090401t1996 xxu||||| |||| 00| 0 eng d | ||
| 035 | _a(Sirsi) u50264 | ||
| 041 | _aeng | ||
| 245 | _aHomeowners in M3 compensation battle | ||
| 260 | _c1996 | ||
| 350 | _a0 | ||
| 490 |
_aGuardian _v10 November 1996, 13(1) |
||
| 520 | _aA group of homeowners claiming that their property values have dropped since completion of the M3 extension near Winchester are launching a compensation claim against the Highways Agency. | ||
| 650 | _aBLIGHT | ||
| 650 | _aCOMPENSATION | ||
| 650 | _aDIMUNITION IN VALUE | ||
| 650 | _aM3 EXTENSION | ||
| 650 | _aNOISE POLLUTION | ||
| 650 | _aPROPERTY VALUES | ||
| 690 | _aHIGHWAYS RIGHTS OF WAY AND EASEMENTS | ||
| 942 | _n0 | ||
| 948 | _c04/03/1997 | ||
| 999 |
_c31373 _d31373 |
||